000
00287nam a2200109Ia 4500
008
230907s9999||||xx |||||||||||||| ||und||
082
_a
660.6
_b
BIO
245
0
_a
BioMEMS and Biomedical Nanotechnology /
260
_a
Springer,
_b
New York :
_c
2006
300
_a
various pages.
942
_c
BK
999
_c
598387
_d
598387